Представление документа в формате RUSMARC

ПолеНазваниеЗначение
  Тип записи a
  Библиографический уровень a
001 Контрольный номер RU/CBS_UL/BASE/555113230
005 Дата корректировки 20240209175214.9
100 Данные общей обработки __
a Данные общей обработки 20170803d2017 ||| 0rusy0189 ca
101 Язык документа 0_
a Язык текста rus
102 Страна публикации __
a Страна публикации RU
105 Кодированные данные (монография) __
a Кодированные данные (монография) y###||||000|y
200 Заглавие и сведения об ответственности 1_
a Заглавие "Говорить о насилии не означает показывать"
b Общее обозначение материала Текст
e Сведения, относящиеся к заглавию [о фильме "Роковое искушение", победителе Каннского фестиваля]
f Первые сведения об ответственности С. Коппола
g Последующие сведения об ответственности беседовала Т. Розенштайн
300 Общие примечания __
a Общие примечания Ограничения по возрасту - 16+
461 Уровень набора _0
1 2000
a Огонёк
463 Уровень физической единицы _0
1 001RU/CBS_UL/BASE/550855201
1 2000
a № 22 (5 июня)
v С. 32-33: фото.
1 210
d 2017
600 Персоналии _0
a Персоналии (Фамилия) Коппола
b Персоналии (Имя, инициалы) С.
606 Тематические рубрики 0_
a Основная рубрика Киноискусство - Зарубежные страны
610 Ключевые слова 0_
a Ключевые слова кино
a Ключевые слова режиссеры
a Ключевые слова фестивали
a Ключевые слова кинофестивали
a Ключевые слова Роковое искушение (фильмы)
686 Индексы других классификаций __
a Классификационный индекс 85.373(3)
2 Код системы ББК
700 Автор _1
a Фамилия Коппола
b Имя (инициалы) С.
801 Источник записи _0
a Страна RU
b Организация МБУК ЦБС г. Ульяновска
c Дата составления 20170803
g Правила каталогизации RCR
801 Источник записи _1
a Страна RU
b Организация МБУК ЦБС г. Ульяновска
c Дата составления 20170803
g Правила каталогизации RCR
901 Тип документа __
t Тип документа b
w Контрольный № источника RU/CBS_UL/BASE/550855201
910 Корректоры записи __
a Корректор записи Библиотека 8
938 Служебная информация __
a Имя БД period